Multi-layer channel routing complexity and algorithms

Đã lưu trong:
書目詳細資料
主要作者: Pal, Rajat K.
格式: 圖書
語言:Undetermined
出版: Calcutta ( India ) Alpha Science International Ltd. 2000
主題:
標簽: 添加標簽
沒有標簽, 成為第一個標記此記錄!
Thư viện lưu trữ: Trung tâm Học liệu Trường Đại học Cần Thơ
LEADER 00659nam a2200193Ia 4500
001 CTU_129024
008 210402s9999 xx 000 0 und d
020 |c 997000 
082 |a 004.6 
082 |b P153 
100 |a Pal, Rajat K. 
245 0 |a Multi-layer channel routing complexity and algorithms 
245 0 |c Rajat K. Pal 
260 |a Calcutta ( India ) 
260 |b Alpha Science International Ltd. 
260 |c 2000 
650 |a Routers (computer networks),Computer algorithms,Thiết bị định tuyến (mạng máy tính),Thuật toán máy tính 
910 |a Nguyên 
980 |a Trung tâm Học liệu Trường Đại học Cần Thơ